Регионална библиотека "Любен Каравелов" - Русе

Атически нощи (Запис номер 182149)

MARC детайли
000 -Лидер
Контролно поле с фиксирана дължина 01299nam a2200301 c 4500
003 - Код на организацията, давaща контролен номер
Контролно поле BLK
005 - Дата и час на последна редакция
Контролно поле 20180422115215.0
008 - Елементи от данни с фиксирана дължина
fixed length control field 180411b bul|||||r ||||||| ||bul||
010 ## - Наследен системен номер
LC control number KNG00191072000
040 ## - Източник на каталожния запис
Идентификатор на билиотеката - собственик на записа BLK
041 ## - Код за език
Код за езика на текст/звукозапис или на отделно заглавие Български
Код за езика КДБФ Български
080 ## - УДК
Текстов определител УДК Латинска (римска) литература
УДК код - определител по УДК 821.124
УДК определител -4
УДК - код + определител 821.124-4
100 1# - Редна дума - Автор
Автор Гелий, Авъл
Авторска отговорност първи автор
R(LIN) 310440
139 ## - Редно поле
Редна дума Гелий, Авъл
Авторски знак Гед - Г 28
245 10 - Сведения за заглавието
Заглавие Атически нощи
Редно поле (дума) Авъл Гелий; прев. от лат. Владимир Герчев Атанасов; състав. Анна Бориславова Николова.
257 ## - Страна на издаване
Страна на създаване/издаване Древен Рим
260 ## - Област на издателските данни
-- София
Име на издателя, разпространителя и проч. Наука и изкуство
Година на издаване 1985
300 ## - Физическа характеристика
Страници 294 с.
Размери/Мащаб 19 см
380 ## - Жанр
Жанр Худож. лит.
500 ## - Общи забележки
Забележка Ориг. загл. Noctes Atticae. - 40 108 тир. - Азб. показалец на имената и ант. понятия / Владимир Атанасов.
700 1# - Други автори (авторска отговорност)
Лично име Атанасов, Владимир Герчев
Автороска отговорност (Описва отношението между автора и произведението) прев. от лат.
9 (RLIN) 379943
700 1# - Други автори (авторска отговорност)
Лично име Николова, Анна Бориславова
Автороска отговорност (Описва отношението между автора и произведението) състав.
9 (RLIN) 367847
852 ## - Местоположение
Форматна сигнатура Цб 140614
856 4# - Електронен адрес и достъп
Електронен формат pdf - файл
Път до файла /url/
856 4# - Електронен адрес и достъп
Електронен формат pdf - файл
Път до файла /url/
942 ## - АРТИКУЛИ
Вид на библиотечния материал Книги
Скрит в OPAC Не
944 ## - СЪЗДАВАНЕ И РЕДАКЦИЯ на ЗАПИСА
Създаване/Редакция Създаване
Дата на регистрацията/редакция 29.09.2016
Служител, извършил регистрацията/редакцията Грета_Цуфелде
944 ## - СЪЗДАВАНЕ И РЕДАКЦИЯ на ЗАПИСА
Създаване/Редакция Редакция
Дата на регистрацията/редакция 29.09.2016
Служител, извършил регистрацията/редакцията Грета_Цуфелде
999 ## - СИСТЕМНИ КОНТРОЛНИ НОМЕРА
Koha biblionumber 182149
Koha biblioitemnumber 182149
Наличности
Код за отписване Код за изгубен артикул Източник на класификационната схема Код за повреда Коз за рестрикции Код за отдаване Артикулен № Име на библиотеката - собственик Име на библиотеката, в която се намира в момента Статус (Текущо местоположение) Дата на вписване в системата Местоположение - отдел Цена в лева Инвентарен номер Систематично азбучна сигнатура Баркод Номер на екземпляра Цена в евро Служебна бележка Служебен тип на артикула Бележка за публиката
  Не е изгубен Universal Decimal Classification Не е повреден без рестрикции ползва се в читалня 312393 Регионална библиотека "Любен Каравелов" Русе Регионална библиотека "Любен Каравелов" Русе Хранилище 1985-01-01 Хранилище 1.80 445532 Цб 140614 120000445532 1 0.92 N: стар фонд Дата: 01.01.1985 Книги  
Изтеглен Не е изгубен Universal Decimal Classification Не е повреден без рестрикции заемане за дома 312394 Регионална библиотека "Любен Каравелов" Русе Регионална библиотека "Любен Каравелов" Русе Заемна - подръчен фонд 1985-01-01 Заемна - подръчен фонд 1.80 445644 П 871-4/Г 28 445644 2 0.92 N: стар фонд Дата: 01.01.1985 Книги  
Изтеглен Не е изгубен   Не е повреден без рестрикции заемане за дома 312395 Регионална библиотека "Любен Каравелов" Русе Регионална библиотека "Любен Каравелов" Русе   1985-01-01 Заемна - подръчен фонд 1.80 445646 П 871-4/Г 28 445646 3 0.92 N: стар фонд Дата: 01.01.1985 Книги Отч.N: 5 , Дата: 19.01.2018
Vip Innovations Ltd, Rousse, Bulgaria 2025